| 000 | 00802nam a2200253Ia 4500 | ||
|---|---|---|---|
| 003 | OSt | ||
| 005 | 20221002043145.0 | ||
| 006 | a|||||r|||| 00| 0 | ||
| 007 | ta | ||
| 008 | 220930b |||||||| |||| 00| 0 eng d | ||
| 020 | _a0876501390 | ||
| 024 | _a22659 | ||
| 037 | _cReference Collections | ||
| 040 |
_aCRL _cCRL _beng |
||
| 041 |
_2eng _aeng |
||
| 082 | _aNR:f, M2(RR) | ||
| 100 |
_aDruesedow Jr. John E _9567923 |
||
| 245 | 0 |
_aLibrary research guide to music _b Illustrated search strategy and sources |
|
| 260 |
_aMichigan _bPierian Press USA _c1982 |
||
| 500 | _aLibrary research guides series no.6.Ed by James R Kennedy &Thomas G Kirk | ||
| 650 |
_aMUSIC _917402 |
||
| 942 |
_hNR:f, M2(RR) _cref _2CC |
||
| 999 |
_c907474 _d907474 |
||